00349 a2200121 450000100060000010000150000624500370002126000270005809000170008594200220010299900190012495200840014319928 aGlubb, S J aShort History of the Arab People abHorder & Stoughtonc c14538d14538 aNUST-CAEcMc5045 c255001d255001 001040708NFICaCAEbCAEd2017-04-03l0pCAE12737r2017-04-05w2017-04-05yBK